000 00299nam a22001217a 4500
040 _cFIZZA ISHAQ
082 _a624.1762
_bSTE
100 _aKRAM, L STEVEN.
_985987
245 _aGEOTECHNICAL EARTH QUAKE /
_cSTEVEN L KRAM.
260 _aDEHLI :
_bPEARSON,
_c1996.
300 _a653.
942 _2ddc
_cBK
999 _c587203
_d587203